| 000 | 00982cam a22002535a 4500 | ||
|---|---|---|---|
| 005 | 20091103014612.0 | ||
| 008 | 090911s2009 ii ab b 100 0 eng d | ||
| 010 | _aENG-95326 | ||
| 020 |
_a9788131305836 _c695.00 |
||
| 035 | _aEN-78859 | ||
| 037 | _aDBAD/PUB | ||
| 040 |
_aDPL _beng |
||
| 082 | _a333.7071 | ||
| 100 | _aPatil, C. S. | ||
| 245 |
_aEnvironmental education _cby C.S.Patil [and] Prabhu M. Biradar |
||
| 260 |
_aNew Delhi : _bAPH Publishing Corporation _c2009. |
||
| 270 |
_a4435-36/7. Ansari road, Darya Ganj _bNew Delhi _e110002 |
||
| 300 |
_aviii, 285p. _c22 cm. (Hb) |
||
| 520 | _aContributed articles. | ||
| 700 | _aBiradar,Prabhu M. | ||
| 942 |
_2ddc _cEN _mPAT _h333.7071 |
||
| 999 |
_c31374 _d31374 |
||